| 000 | 00569nam a22002177a 4500 | ||
|---|---|---|---|
| 003 | IBSLLIB | ||
| 005 | 20251203092035.0 | ||
| 008 | 251203b |||||||| |||| 00| 0 eng d | ||
| 020 | _a9789556722390 | ||
| 040 |
_aIBSLLIB _bsin |
||
| 041 | _asin | ||
| 082 |
_a340.95 _bKAR |
||
| 100 | _aKarunarathna , Manjula | ||
| 245 | _aඅධිකරණ ඉදිරියේ නීතිය | ||
| 260 |
_aMeerigama : _bAkarsha , _c2023 . |
||
| 300 |
_a288 P . ; _c23 cm |
||
| 650 | _aLaw | ||
| 653 | _aLaw | ||
| 942 | _cBK | ||
| 999 |
_c21936 _d21936 |
||